000 00513nam a2200205Ia 4500
003 LK-CoDNM
005 20230916143914.0
008 010623t1877 xxu||||| |||| 00| 1 eng d
040 _aLK-CoDNM
_dLK-CoDNM
_eLK-CoDNM
041 _aeng
080 _a12CC1
100 _aSmith,William.
245 _aA Dictionary of Christian Biography
260 _bJohn Murray
_aLondon
_c1877
300 _bxii,914p., 23 cm
650 _aLiterature
650 _aSects and Doctrines
700 _aWace,Henry.
942 _cBK
999 _c82070
_d82070